| 000 | 01815nam0a2200337 4500 | ||
|---|---|---|---|
| 001 | RU\NLR\BIBL_A\022531983 | ||
| 005 | 20260420043859.0 | ||
| 010 |
_a978-5-88297-796-1 _9500 |
||
| 021 |
_aRU _bКН-П-25-013734 _9КН-П-25-1398 |
||
| 035 | _a(NLR Aleph) 022531983 | ||
| 090 |
_a13672030 _c13672030 |
||
| 100 | _a20250428d2024 k y0rusy50 ca | ||
| 101 | 0 | _arus | |
| 102 | _aRU | ||
| 105 | _ay z 000yy | ||
| 181 | 0 |
_ai4 _baxxe |
|
| 182 | 0 | _an | |
| 200 | 1 |
_aСила народных традиций: жизнеутверждающая миссия взаимопомощи _eмонография _fВ. С. Григорьев _gМинистерство просвещения Российской Федерации, Федеральное государственное бюджетное образовательное учреждение высшего образования "Чувашский государственный педагогический университет им. И. Я. Яковлева" |
|
| 203 |
_aТекст _bвизуальный _cнепосредственный |
||
| 210 |
_aЧебоксары _cЧувашский государственный педагогический университет им. И. Я. Яковлева _d2024 |
||
| 215 |
_a331 с. _d21 |
||
| 300 | _aНа обл. авт. не указан | ||
| 320 | _aБиблиогр.: с. 307-330 | ||
| 606 | 1 |
_aВзаимопомощь _xИстория _yРоссия _92673830 _3RU\NLR\AUTH\6601758813 |
|
| 686 | 1 | _aУ27(2)66 | |
| 686 | 1 | _aТ3(2)0,02 | |
| 700 | 1 |
_7ca _8rus _aГригорьев _bВ. С. _cд-р ист. наук _f1951- _gВалерий Сергеевич _9526 _3RU\NLR\AUTH\7717439 |
|
| 942 | _cBOOK | ||
| 980 | _aNB | ||